000 00533cam a22002054a 4500
005 20250605164151.0
008 250528s ||||||||||||||||||||||||d
035 _a19384
020 _a9602860561
040 _aGR-AtMCL
_bgre
_dGR-AtMCL
_eAACR2
245 1 _aΟΡΓΑΝΩΣΗ ΚΑΙ ΔΙΟΙΚΗΣΗ ΕΠΙΧΕΙΡΗΣΕΩΝ
250 _a1
260 _bΈλλην,
_c1993
300 _a263
700 1 _aΚαραγιαννη Σ
_95633
700 1 _aΠαντα Μ
_95634
942 _cBK
999 _c4640
_d4640